1943, η μάχη του Κουρσκ : σύγκρουση τεθωρακισμένων

Αποθηκεύτηκε σε:
Λεπτομέρειες βιβλιογραφικής εγγραφής
Κύριοι συγγραφείς: Caballero Jurado, Carlos, Cardona, Gabriel, 1938- (Συγγραφέας)
Άλλοι συγγραφείς: Παππάς, Ανδρέας, 1950- (Επιμελητής έκδοσης), Κοκκάλας, Νίκος (Μεταφραστής)
Μορφή: Βιβλίο
Γλώσσα:Greek
Spanish
Δημοσίευση: Αθήνα : Καθημερινή, c2009.
Σειρά:Ιστορική βιβλιοθήκη (Η Καθημερινή) ; 21
Θέματα:
Ετικέτες: Προσθήκη ετικέτας
Δεν υπάρχουν, Καταχωρήστε ετικέτα πρώτοι!

MARC

LEADER 00000cam a2200000 a 4500
001 1/119523
008 190710s2009####gr | ||| |||| ||gre||
020 |a 9789604751242  |q (σκληρό εξώφυλλο) 
040 |a GR-MyUa  |b gre  |c GR-MyUa  |e AACR2 
041 1 |a gre  |h spa 
082 7 |a 940.53   |2 (23) 
100 1 |a Caballero Jurado, Carlos. 
245 1 0 |a 1943, η μάχη του Κουρσκ :   |b σύγκρουση τεθωρακισμένων /   |c εποπτεία σειράς και γλωσσική επιμέλεια: Ανδρέας Παππάς ; κείμενα: Carlos Caballero Jurando, Gabriel Cardona; μετάφραση: Νίκος Κοκκάλας. 
260 |a Αθήνα :   |b Καθημερινή,   |c c2009. 
300 |a 144 σ. :   |b εικ. ;   |c 25 εκ. 
490 1 |a (Ιστορική Βιβλιοθήκη / Εφημ. Η Καθημερινή ;   |v 21) 
500 |a Ως υπέρτιτλος: 70 χρόνια από τον Β' Παγκόσμιο Πόλεμο | 1939-1945. 
500 |a Β' Παγκόσμιος Πόλεμος | 1939-1945, τα κυριότερα γεγονότα της μεγαλύτερης αναμέτρησης στην ιστορία -- Εξώφυλλο. 
504 |a Περιλαμβάνει βιβλιογραφία (σ. 141) και ευρετήριο. 
650 0 |a World War, 1939-1945. 
700 1 |a Παππάς, Ανδρέας,   |d 1950-  |e edt 
700 1 |a Cardona, Gabriel,   |d 1938-  |e aut 
700 1 |a Κοκκάλας, Νίκος,  |e trl 
830 0 |a Ιστορική βιβλιοθήκη (Η Καθημερινή)  |v  ; 21 
852 |a INST  |b LEMNOS  |e 20190710  |h 940.53 ΠΑΓ  |p 005600002022  |q 005600002022  |t BK  |y 0 
852 |a INST  |b RHODES  |e 20210920  |h 940.53 CAB  |p 005400042238  |q 005400042238  |t BK  |y 0 
970 |a Ξενιτοπούλου   |b Κωνσταντία  |z 10/07/2019